000 00510nam a2200217Ia 4500
008 210210b2012 xxu||||| |||| 00| 0 eng d
020 _a9788184114034
041 _aeng
082 _a361.614 SINA
100 _aSINGH (Kuldeep)
245 _aHuman rights and social justice
260 _aNew Delhi
_bSonali Publications
_c2012
300 _av, 248
650 _asocial
650 _arights
650 _ajustice
650 _aHuman
650 _aand
690 _aSocial Welfare
906 _a067149
999 _c149472
_d149472